书目信息 |
| 题名: |
战后日本文化与战争认知研究
|
|
| 作者: | 刘炳范 著 | |
| 分册: | ||
| 出版信息: | 北京 中国社会科学出版社 2003 |
|
| 页数: | 430页 | |
| 开本: | 21cm | |
| 丛书名: | ||
| 单 册: | ||
| 中图分类: | G131.3 | |
| 科图分类: | ||
| 主题词: | 文化--研究--日本--现代 , 文化 | |
| 电子资源: | ||
| ISBN: | 7-5004-4282-3 | |
| 000 | 00853nam0 2200241 450 | |
| 001 | 1252577749 | |
| 005 | 20121005143714.31 | |
| 010 | @a7-5004-4282-3@dCNY29.00 | |
| 100 | @a20040723d2003 emky0chiy50 ea | |
| 101 | 0 | @achi |
| 102 | @aCN@b110000 | |
| 105 | @ay z 000yy | |
| 200 | 1 | @a战后日本文化与战争认知研究@Azhan hou ri ben wen hua yu zhan zheng ren zhi yan jiu@f刘炳范著 |
| 210 | @a北京@c中国社会科学出版社@d2003 | |
| 215 | @a430页@d21cm | |
| 300 | @a2000年度国家社会科学基金项目(批准号00CW003) | |
| 330 | @a本书分为七章,分别研究了政治体制对战争认知的影响、战后教育对战争认知的影响、战后文学的战争认知理念、战后主要文学流派的战争认知理念等内容。 | |
| 606 | 0 | @a文化@x研究@y日本@z现代 |
| 606 | 0 | @a文化 |
| 690 | @aG131.3@v4 | |
| 701 | 0 | @a刘炳范@Aliu bing fan@f(1963~)@4著 |
| 801 | 0 | @aCN@bNLC@c20101222 |
| 905 | @a10447@dG131.3@eJY42 | |
| 战后日本文化与战争认知研究/刘炳范著.-北京:中国社会科学出版社,2003 |
| 430页;21cm |
| 2000年度国家社会科学基金项目(批准号00CW003) |
| ISBN 7-5004-4282-3:CNY29.00 |
| 本书分为七章,分别研究了政治体制对战争认知的影响、战后教育对战争认知的影响、战后文学的战争认知理念、战后主要文学流派的战争认知理念等内容。 |
| ● |
| 相关链接 |
|
|
|
|
正题名:战后日本文化与战争认知研究
索取号:G131.3/JY42
 
预约/预借
| 序号 | 登录号 | 条形码 | 馆藏地/架位号 | 状态 | 备注 |
| 1 | 7814475 | 278144759 | 学院路分馆/ [索取号:G131.3/JY42] | 在馆 | |
| 2 | 7814476 | 278144768 | 学院路分馆/ [索取号:G131.3/JY42] | 在馆 |